| Tag |
First Indicator |
Second Indicator |
Subfields |
| LEADER |
00000cgm a2200000Ia 4500 |
| 001 |
in00002652012 |
| 005 |
20151202114752.0 |
| 007 |
vd mvaizq |
| 008 |
050309p20041941xxu335 vleng d |
| 024 |
1 |
|
|a 826831070124
|
| 035 |
|
|
|a (OCoLC)ocm58425808
|
| 035 |
|
|
|a (OCoLC)58425808
|
| 040 |
|
|
|a INT
|c INT
|d CHY
|d TXA
|d UtOrBLW
|
| 049 |
|
|
|a TXAM
|
| 090 |
|
|
|a PN1995.9.W3
|b W35525 2004
|
| 245 |
0 |
0 |
|a War classics :
|b 50 movie pack DVD collection.
|n Disc 5 /
|c TreeLine Films.
|
| 246 |
3 |
0 |
|a 50 movie pack War classics DVD collection
|
| 246 |
3 |
|
|a Fifty movie pack War classics DVD collection
|
| 246 |
3 |
|
|a War classics 50 movie pack
|
| 264 |
|
1 |
|a [United States] :
|b Treeline Films,
|c [2004]
|
| 264 |
|
4 |
|c ©2004
|
| 300 |
|
|
|a 1 videodisc (approximately 335 min.) :
|b sound, black and white, color, double-sided ;
|c 4 3/4 in.
|
| 336 |
|
|
|a two-dimensional moving image
|b tdi
|2 rdacontent
|
| 337 |
|
|
|a video
|b v
|2 rdamedia
|
| 338 |
|
|
|a videodisc
|b vd
|2 rdacarrier
|
| 538 |
|
|
|a DVD; surround sound.
|
| 546 |
|
|
|a In English.
|
| 500 |
|
|
|a Titles from disc label.
|
| 511 |
1 |
|
|a Kansas Pacific: Sterling Hayden.
|
| 511 |
1 |
|
|a The avenger: Steve Reeves.
|
| 511 |
1 |
|
|a Blood on the sun: James Cagney, Sylvia Sidney.
|
| 511 |
1 |
|
|a Flying blind: Richard Arlen.
|
| 500 |
|
|
|a Originally released as motion pictures, 1941-1962. Released by Treeline Films as part of 12 DVD set.
|
| 520 |
|
|
|a KANSAS PACIFIC: In the antebellum South, saboteurs try to prevent railroad construction from crossing Kansas to the frontier. THE AVENGER: Aeneas and his Trojan warriors take on the evil Etruscans to preserve the honor of their town. BLOOD ON THE SUN: After two of his friends are murdered, an American editor of a Tokyo newspaper suspects that the Japanese government is up to no good. FLYING BLIND: An operator of a honeymoon air service becomes involved with a gang of foreign spies, determined to steal a secret transformer designed for American fighter planes.
|
| 500 |
|
|
|a The War Classics collection is a mix of war movies and documentaries that detail great battles and campaigns.
|
| 505 |
0 |
0 |
|t Kansas Pacific (73 min.) (1953) /
|r Sterling Hayden --
|t Avenger (95 min.) (1962) /
|r Steve Reeves --
|t Blood on the sun (98 min.) (1945) /
|r James Cagney --
|t Flying blind (69 min.) (1941) /
|r Richard Arlen.
|
| 500 |
|
|
|a Videorecording.
|
| 650 |
|
0 |
|a War films.
|
| 650 |
|
0 |
|a Documentary films.
|
| 650 |
|
0 |
|a Feature films.
|
| 655 |
|
7 |
|a War films.
|2 lcgft
|
| 655 |
|
7 |
|a Feature films.
|2 lcgft
|
| 655 |
|
7 |
|a Fiction films.
|2 lcgft
|
| 700 |
1 |
|
|a Hayden, Sterling,
|d 1916-1986.
|
| 700 |
1 |
|
|a Cagney, James,
|d 1899-1986.
|
| 700 |
1 |
|
|a Reeves, Steve.
|
| 700 |
1 |
|
|a Sidney, Sylvia,
|d 1910-1999.
|
| 700 |
1 |
|
|a Arlen, Richard,
|d 1900-1976.
|
| 710 |
2 |
|
|a Treeline Films.
|
| 740 |
0 |
2 |
|a Kansas Pacific.
|
| 740 |
0 |
2 |
|a Avenger.
|
| 740 |
0 |
2 |
|a Blood on the sun.
|
| 740 |
0 |
2 |
|a Flying blind.
|
| 994 |
|
|
|a C0
|b TXA
|
| 948 |
|
|
|a cataloged
|b h
|c 2011/2/7
|d c
|e agaffey
|f 4:58:52 pm
|
| 999 |
|
|
|a MARS
|
| 999 |
f |
f |
|s 86b9f7e2-46de-3f38-84b0-d4c33093b781
|i cadc9a2a-95ef-3000-af1b-522194ff5f01
|t 0
|
| 952 |
f |
f |
|p dvd
|a Texas A&M University
|b College Station
|c Sterling C. Evans Library
|d Evans: Media and Reserves (Annex 1st floor)
|t 0
|e PN1995.9.W3 W35525 2004
|h Library of Congress classification
|i video -- videodisc
|k Disc 5
|m A14837371120
|
| 998 |
f |
f |
|a PN1995.9.W3 W35525 2004
|t 0
|l Evans: Media and Reserves (Annex 1st floor)
|